Hamlet / (Registro nro. 2738)

000 -CABECERA
campo de control de longitud fija 01169nam a2200325 u 4500
001 - NÚMERO DE CONTROL
campo de control 000044653
005 - FECHA Y HORA DE LA ÚLTIMA TRANSACCIÓN
campo de control 20200120222428.0
008 - DATOS DE LONGITUD FIJA--INFORMACIÓN GENERAL
campo de control de longitud fija 110302s2005 cau r 000 0 spa d
020 ## - NÚMERO INTERNACIONAL ESTÁNDAR DEL LIBRO
Número Internacional Estándar del Libro 9788437610979
041 0# - CÓDIGO DE LENGUA
Código de lengua del texto/banda sonora o título independiente spa
043 ## - CÓDIGO DE ÁREA GEOGRÁFICA
Código de área geográfica e-sp---
082 04 - NÚMERO DE LA CLASIFICACIÓN DECIMAL DEWEY
Número de clasificación AT
Número de documento/Ítem SHAh 2005
Número de edición 21
100 1# - ENTRADA PRINCIPAL--NOMBRE DE PERSONA
Nombre de persona Shakespeare, William
245 10 - MENCIÓN DE TÍTULO
Título Hamlet /
Mención de responsabilidad, etc. William Shakespeare ; Edición : Manuel Ángel Conejero Dionís-Bayer, Jenaro Talens ; Introducción : Cándino Pérez Gállego.
250 ## - MENCIÓN DE EDICIÓN
Mención de edición 13a. ed.
260 ## - PUBLICACIÓN, DISTRIBUCIÓN, ETC.
Lugar de publicación, distribución, etc. Madrid :
Nombre del editor, distribuidor, etc. Cátedra,
Fecha de publicación, distribución, etc. 2005.
300 ## - DESCRIPCIÓN FÍSICA
Extensión 719 p. :
Otras características físicas il.
490 #0 - MENCIÓN DE SERIE
Mención de serie Letras universales
Designación de volumen o secuencia 175
500 ## - NOTA GENERAL
Nota general Ej.1 y 2 Biblioteca Ceic Ciudadela : Plan Lector 2011.
500 ## - NOTA GENERAL
Nota general Ej. 3-6 de Biblioteca Ceic Ciudadela es 15a ed. de 2010
-- Ej.1, 2 y 3 de Biblioteca de Mosquera 17a. ed. 2012, ISBN : 9788437610979
504 ## - NOTA DE BIBLIOGRAFÍA, ETC.
Nota de bibliografía, etc. Incluye bibliografía
600 17 - PUNTO DE ACCESO ADICIONAL DE MATERIA--NOMBRE DE PERSONA
Nombre de persona Shakespeare, William
Fechas asociadas al nombre 1564-1616
650 17 - PUNTO DE ACCESO ADICIONAL DE MATERIA--TÉRMINO DE MATERIA
Término de materia o nombre geográfico como elemento de entrada Teatro inglés
650 27 - PUNTO DE ACCESO ADICIONAL DE MATERIA--TÉRMINO DE MATERIA
Término de materia o nombre geográfico como elemento de entrada Literatura inglesa
650 27 - PUNTO DE ACCESO ADICIONAL DE MATERIA--TÉRMINO DE MATERIA
Término de materia o nombre geográfico como elemento de entrada Drama
650 27 - PUNTO DE ACCESO ADICIONAL DE MATERIA--TÉRMINO DE MATERIA
Término de materia o nombre geográfico como elemento de entrada Literatura clásica
700 1# - PUNTO DE ACCESO ADICIONAL--NOMBRE DE PERSONA
Nombre de persona Conejero Dionís-Bayer, Manuel Ángel,
Término indicativo de función/relación ed.
700 1# - PUNTO DE ACCESO ADICIONAL--NOMBRE DE PERSONA
Nombre de persona Talens, Jenaro,
Término indicativo de función/relación ed.
700 1# - PUNTO DE ACCESO ADICIONAL--NOMBRE DE PERSONA
Nombre de persona Pérez Gállego, Cándido,
Término indicativo de función/relación int.
Existencias
Estado de retiro Estado de pérdida Fuente del sistema de clasificación o colocación Estado dañado No para préstamo Código de colección Localización permanente Ubicación/localización actual Fecha de adquisición Número de inventario Total de préstamos Signatura topográfica completa Código de barras Fecha visto por última vez Número de copia Precio válido a partir de Tipo de ítem Koha Nota pública
          Literatura Adulto Biblioteca Pública San Juan Bosco Biblioteca Pública San Juan Bosco 20/01/2020 99811   AT SHAh 2005 MOS006612 20/01/2020 ej.1 20/01/2020 Libro Literatura Quince días
          Literatura Adulto Biblioteca Pública San Juan Bosco Biblioteca Pública San Juan Bosco 20/01/2020 99812   AT SHAh 2005 MOS006613 20/01/2020 ej.2 20/01/2020 Libro Literatura Quince días
          Literatura Adulto Biblioteca Pública San Juan Bosco Biblioteca Pública San Juan Bosco 20/01/2020 99813   ATSHAh 2005 MOS006614 20/01/2020 ej.3 20/01/2020 Libro Literatura Quince días

© Todos los derechos reservados para la Biblioteca Pública Municipal San Juan Bosco, 2020
Secretaria de Cultura de Mosquera
Carrera 3 N° 10 Esquina Centro Cultural Barrio El Carmén Teléfono: 8270830 Ext: 34
Funcionando con KOHA
Contacto: Biblioteca Pública Municipal San Juan Bosco/ bibliotecasanjuanbosco@mosquera-cundinamarca.gov.co
Mosquera, Cundinamarca